01256 a2200253 4500003000500000005001700005010001600022020003300038035002100071035002000092040000900112082001400121100002900135245008200164260005000246300003400296505032800330650002000658856008600678856007400764942002300838999001900861952012200880Nust20221201093845.0 a 98086761 a0123550459 (acid-free paper) a(DLC) 98086761 a(OCoLC)41621688 cNust00a536.7,ABB1 a Abbott Michael M9731310a Schaum's OutLine of Theory and ProblemsbThermodynamics / cMichael M Abbott aSan Diego :b Schaum's Outline Seriesc1981. axii, 344 p. :bill. ;c26 cm. aFundamentals concepts and first Principles (Page-1), The Second law of thermodynamics (Page-33), Mathematical Formulations (Page-64), Properties of pure Substance (Page-96), Equations of State (Page-143), Thermodynamics of flow processes (Page-181), Chemical Thermodynamics (Page-232), Thermodynamics Analysis (Page-311). 0aThermodynamics.423Publisher descriptionuhttp://www.loc.gov/catdir/description/els033/98086761.html423Table of contentsuhttp://www.loc.gov/catdir/toc/els032/98086761.html 2ddccBKk536.7,ABB c183971d183971 00102ddc4070aMCSbMCScGENd2016-12-12o536.7,ABBpMCS6310r2016-12-08w2016-12-12yBKzAlmirah No.16, Shelf No.3